Statistics for Roundest and most rectangular countries

Click here to take the quiz!

General Stats

  • This quiz has been taken 126 times
  • The average score is 13 of 30

Answer Stats

Roundest countries% Correct
Most Rectangular CountriesVatican City
60%
Roundest CountriesVatican City
60%
Most Rectangular CountriesLesotho
58%
Most Rectangular CountriesEgypt
56%
Roundest CountriesPoland
56%
Most Rectangular CountriesPoland
56%
Most Rectangular CountriesSwaziland
55%
Roundest CountriesSwaziland
55%
Roundest CountriesSan Marino
54%
Roundest CountriesNauru
53%
Most Rectangular CountriesNauru
53%
Most Rectangular CountriesUruguay
49%
Roundest CountriesUruguay
49%
Most Rectangular CountriesMacedonia
46%
Most Rectangular CountriesSierra Leone
46%
Roundest CountriesSierra Leone
46%
Roundest CountriesKosovo
43%
Roundest CountriesSudan
43%
Most Rectangular CountriesSudan
43%
Most Rectangular CountriesTurkey
39%
Most Rectangular CountriesGhana
38%
Most Rectangular CountriesAngola
36%
Roundest CountriesRomania
35%
Roundest CountriesZimbabwe
34%
Roundest CountriesEthiopia
32%
Most Rectangular CountriesIvory Coast
32%
Roundest CountriesIvory Coast
32%
Most Rectangular CountriesYemen
31%
Roundest CountriesBotswana
30%
Roundest CountriesSuriname
26%

Score Distribution

Percentile by Number Answered

Percent of People with Each Score

Your Score History

You have not taken this quiz